000 00507nam a2200169 a 4500
005 20140310183300.0
008 041206s19uu xx 00 eng d
020 _a971550129x
050 _aPL 6058.4
_b.C957 1997
100 _aCruz, Andres Cristobal
245 _aAng Tundo man may langit din /
_cAndres Cristobal Cruz
260 _aQuezon City, Metro Manila :
_bAteneo de Manila University Press,
_c1997.
300 _a360 p. :
_c18 cm.
650 _aNobela.
942 _cBK
_2lcc
_kFLIR
999 _c20958
_d20958